<?xml version="1.0" encoding="UTF-8"?>
<collection xmlns="http://www.loc.gov/MARC21/slim">
 <record>
  <leader>04081npc a2200469 i 4500</leader>
  <controlfield tag="001">eta5323</controlfield>
  <controlfield tag="005">20231005145920.0</controlfield>
  <controlfield tag="008">210323s2021    hu      o     0||   hun d</controlfield>
  <datafield tag="040" ind1=" " ind2=" ">
   <subfield code="a">SZTE Elektronikus Tananyag Archívum</subfield>
   <subfield code="b">hun</subfield>
  </datafield>
  <datafield tag="041" ind1=" " ind2=" ">
   <subfield code="a">hun</subfield>
  </datafield>
  <datafield tag="100" ind1="1" ind2=" ">
   <subfield code="a">Pozsonyi Norbert</subfield>
  </datafield>
  <datafield tag="245" ind1="1" ind2="3">
   <subfield code="a">Az idegen dologbeli jogok rendszere és tartalma a római jogban</subfield>
   <subfield code="h">[elektronikus dokumentum] /</subfield>
   <subfield code="c"> Pozsonyi Norbert</subfield>
  </datafield>
  <datafield tag="246" ind1="1" ind2="0">
   <subfield code="a">The system and content of iura in re aliena in Roman law</subfield>
   <subfield code="h">[elektronikus dokumentum]</subfield>
  </datafield>
  <datafield tag="260" ind1=" " ind2=" ">
   <subfield code="c">2021-03-11</subfield>
  </datafield>
  <datafield tag="650" ind1=" " ind2="4">
   <subfield code="a">Társadalomtudományok</subfield>
  </datafield>
  <datafield tag="650" ind1=" " ind2="4">
   <subfield code="a">Jogtudomány</subfield>
  </datafield>
  <datafield tag="650" ind1=" " ind2="4">
   <subfield code="a">Jog, kriminológia, büntetéstudomány</subfield>
  </datafield>
  <datafield tag="650" ind1=" " ind2="4">
   <subfield code="a">Jogtörténet</subfield>
  </datafield>
  <datafield tag="695" ind1=" " ind2=" ">
   <subfield code="a">dologi jog</subfield>
  </datafield>
  <datafield tag="695" ind1=" " ind2=" ">
   <subfield code="a">szolgalmak</subfield>
  </datafield>
  <datafield tag="695" ind1=" " ind2=" ">
   <subfield code="a">dologi hitelbiztosíték</subfield>
  </datafield>
  <datafield tag="695" ind1=" " ind2=" ">
   <subfield code="a">római jog</subfield>
  </datafield>
  <datafield tag="856" ind1="4" ind2="0">
   <subfield code="u">https://eta.bibl.u-szeged.hu/5323/1/EFOP343_olvas%C3%B3lecke_1_Idegen%20dologbeli%20jogok_Pozsonyi%20Norbert_20210311.doc</subfield>
   <subfield code="z">Dokumentum-elérés </subfield>
  </datafield>
  <datafield tag="856" ind1="4" ind2="0">
   <subfield code="u">https://eta.bibl.u-szeged.hu/5323/2/EFOP343_olvas%C3%B3lecke_2_Szolgalmak_Pozsonyi%20Norbert_20210311.doc</subfield>
   <subfield code="z">Dokumentum-elérés </subfield>
  </datafield>
  <datafield tag="856" ind1="4" ind2="0">
   <subfield code="u">https://eta.bibl.u-szeged.hu/5323/3/EFOP343_olvas%C3%B3lecke_3_A%20telki%20szolgalmakra%20vonatkoz%C3%B3%20k%C3%B6z%C3%B6s%20szab%C3%A1lyok_Pozsonyi%20Norbert_20210311.doc</subfield>
   <subfield code="z">Dokumentum-elérés </subfield>
  </datafield>
  <datafield tag="856" ind1="4" ind2="0">
   <subfield code="u">https://eta.bibl.u-szeged.hu/5323/4/EFOP343_olvas%C3%B3lecke_4_Telki%20szolgalom%20alap%C3%ADt%C3%A1sa%20%C3%A9s%20v%C3%A9delme_Pozsonyi%20Norbert_20210311.doc</subfield>
   <subfield code="z">Dokumentum-elérés </subfield>
  </datafield>
  <datafield tag="856" ind1="4" ind2="0">
   <subfield code="u">https://eta.bibl.u-szeged.hu/5323/5/EFOP343_olvas%C3%B3lecke_5_Szolgalmak_Pozsonyi%20Norbert_20210311.doc</subfield>
   <subfield code="z">Dokumentum-elérés </subfield>
  </datafield>
  <datafield tag="856" ind1="4" ind2="0">
   <subfield code="u">https://eta.bibl.u-szeged.hu/5323/6/EFOP343_olvas%C3%B3lecke_6_Haszon%C3%A9lvezet%20tartalma%20%C3%A9s%20v%C3%A9delme_Pozsonyi%20Norbert_20210311.doc</subfield>
   <subfield code="z">Dokumentum-elérés </subfield>
  </datafield>
  <datafield tag="856" ind1="4" ind2="0">
   <subfield code="u">https://eta.bibl.u-szeged.hu/5323/7/EFOP343_olvas%C3%B3lecke_7_Z%C3%A1logjog_Pozsonyi%20Norbert_20210311.doc</subfield>
   <subfield code="z">Dokumentum-elérés </subfield>
  </datafield>
  <datafield tag="856" ind1="4" ind2="0">
   <subfield code="u">https://eta.bibl.u-szeged.hu/5323/8/EFOP343_olvas%C3%B3lecke_8_Z%C3%A1logjog%20II_Pozsonyi%20Norbert_20210311.doc</subfield>
   <subfield code="z">Dokumentum-elérés </subfield>
  </datafield>
  <datafield tag="856" ind1="4" ind2="0">
   <subfield code="u">https://eta.bibl.u-szeged.hu/5323/9/EFOP343_olvas%C3%B3lecke_9_Z%C3%A1logjog%20III_Pozsonyi%20Norbert_20210311.doc</subfield>
   <subfield code="z">Dokumentum-elérés </subfield>
  </datafield>
  <datafield tag="856" ind1="4" ind2="0">
   <subfield code="u">https://eta.bibl.u-szeged.hu/5323/10/EFOP343_olvas%C3%B3lecke_10_Z%C3%A1logjog%20IV_Pozsonyi%20Norbert_20210311.doc</subfield>
   <subfield code="z">Dokumentum-elérés </subfield>
  </datafield>
  <datafield tag="856" ind1="4" ind2="0">
   <subfield code="u">https://eta.bibl.u-szeged.hu/5323/11/EFOP343_vide%C3%B3lecke_1_Idegen%20dologbeli%20jogok_Pozsonyi%20Norbert_20210311.pptx</subfield>
   <subfield code="z">Dokumentum-elérés </subfield>
  </datafield>
  <datafield tag="856" ind1="4" ind2="0">
   <subfield code="u">https://eta.bibl.u-szeged.hu/5323/12/EFOP343_vide%C3%B3lecke_2_Szolgalmak_Pozsonyi%20Norbert_20210311.pptx</subfield>
   <subfield code="z">Dokumentum-elérés </subfield>
  </datafield>
  <datafield tag="856" ind1="4" ind2="0">
   <subfield code="u">https://eta.bibl.u-szeged.hu/5323/13/EFOP343_vide%C3%B3lecke_3__A%20telki%20szolgalmakra%20vonatkoz%C3%B3%20k%C3%B6z%C3%B6s%20szab%C3%A1lyok_Pozsonyi%20Norbert_20210311.pptx</subfield>
   <subfield code="z">Dokumentum-elérés </subfield>
  </datafield>
  <datafield tag="856" ind1="4" ind2="0">
   <subfield code="u">https://eta.bibl.u-szeged.hu/5323/14/EFOP343_vide%C3%B3lecke_4_Telki%20szolgalom%20alap%C3%ADt%C3%A1sa%20%C3%A9s%20v%C3%A9delme_Pozsonyi%20Norbert_20210311.pptx</subfield>
   <subfield code="z">Dokumentum-elérés </subfield>
  </datafield>
  <datafield tag="856" ind1="4" ind2="0">
   <subfield code="u">https://eta.bibl.u-szeged.hu/5323/15/EFOP343_vide%C3%B3lecke_5_Szolgalmak_Pozsonyi%20Norbert_20210311.pptx</subfield>
   <subfield code="z">Dokumentum-elérés </subfield>
  </datafield>
  <datafield tag="856" ind1="4" ind2="0">
   <subfield code="u">https://eta.bibl.u-szeged.hu/5323/16/EFOP343_vide%C3%B3lecke_6_Haszon%C3%A9lvezet%20tartalma%20%C3%A9s%20v%C3%A9delme_Pozsonyi%20Norbert_20210311.pptx</subfield>
   <subfield code="z">Dokumentum-elérés </subfield>
  </datafield>
  <datafield tag="856" ind1="4" ind2="0">
   <subfield code="u">https://eta.bibl.u-szeged.hu/5323/17/EFOP343_vide%C3%B3lecke_7_Z%C3%A1logjog_Pozsonyi%20Norbert_20210311.pptx</subfield>
   <subfield code="z">Dokumentum-elérés </subfield>
  </datafield>
  <datafield tag="856" ind1="4" ind2="0">
   <subfield code="u">https://eta.bibl.u-szeged.hu/5323/18/EFOP343_vide%C3%B3lecke_8_Z%C3%A1logjog%20II_Pozsonyi%20Norbert_20210311.pptx</subfield>
   <subfield code="z">Dokumentum-elérés </subfield>
  </datafield>
  <datafield tag="856" ind1="4" ind2="0">
   <subfield code="u">https://eta.bibl.u-szeged.hu/5323/19/EFOP343_vide%C3%B3lecke_9_Z%C3%A1logjog%20III_Pozsonyi%20Norbert_20210311.pptx</subfield>
   <subfield code="z">Dokumentum-elérés </subfield>
  </datafield>
  <datafield tag="856" ind1="4" ind2="0">
   <subfield code="u">https://eta.bibl.u-szeged.hu/5323/20/EFOP343_vide%C3%B3lecke_10_Z%C3%A1logjog%20IV_Pozsonyi%20Norbert_20210311.pptx</subfield>
   <subfield code="z">Dokumentum-elérés </subfield>
  </datafield>
 </record>
</collection>
